Top Goal scorers of each edition - Statistics

General Stats
  • This quiz has been taken 509 times
  • The average score is 11 of 25
Answer Stats
Hint Country Goals Answer % Correct
2022 France 8 Kylian Mbappé
97%
2018 England 7 Harry Kane
96%
2002 Brazil 8 Ronaldo
95%
1970 West Germany 10 Gerd Muller
91%
2010 Germany 5 Thomas Müller
91%
2014 Colombia 6 James Rodríguez
87%
2006 Germany 5 Miroslav Klose
84%
1966 Portugal 9 Ferreira Eusebio
65%
1998 Croatia 6 Davor Suker
61%
1986 England 6 Gary Lineker
56%
1958 France 13 Just Fontaine
54%
1982 Italy 6 Paolo Rossi
49%
1978 Argentina 6 Mario Kempes
39%
1990 Italy 6 Salvatore Schillaci
29%
1974 Poland 7 Grzegorz Lato
20%
1994 Russia 6 Oleg Salenko
20%
1954 Hungary 11 Sandor Kocsis
20%
1994 Bulgaria 6 Hristo Stoichkov
14%
1930 Argentina 8 Guillermo Stabile
8%
1950 Brazil 7 Marques Ademir
7%
1938 Brazil 8 Leonidas da Silva
5%
1934 Czechoslovakia 4 Oldrich Nejedly
5%
1962 Yugoslavia 5 Drazen Jerkovic
4%
1934 Italy 4 Angelo Schiavio
2%
1934 Germany 4 Edmund Conen
2%
No matching quizzes found
Score Distribution
Percent of People with Each Score
Percentile by Number Answered
Your Score History
You have not taken this quiz